Central Library OPAC University of Rajshahi

The universal man : (Record no. 32011)

MARC details
000 -LEADER
fixed length control field 00834nam a2200265 a 4500
001 - CONTROL NUMBER
control field 32011
003 - CONTROL NUMBER IDENTIFIER
rucl marc code BD-RjUL
005 - DATE AND TIME OF LATEST TRANSACTION
control field 20211209051758.0
008 - FIXED-LENGTH DATA ELEMENTS--GENERAL INFORMATION
fixed length control field 140423s1987 ii b 001 0 eng d
020 ## - INTERNATIONAL STANDARD BOOK NUMBER
International Standard Book Number 8185169160 :
035 ## - SYSTEM CONTROL NUMBER
System control number (BD-RjUL) 32100
040 ## - CATALOGING SOURCE
Original cataloging agency DLC
Transcribing agency DLC
Modifying agency DLC
-- BD-RjUL
Language of cataloging eng
041 ## - LANGUAGE CODE
Language code of text/sound track or separate title eng
082 04 - DEWEY DECIMAL CLASSIFICATION NUMBER
Edition number 21
Classification number 630.92
Author mark and year CHU 1987
100 1# - MAIN ENTRY--PERSONAL NAME
Personal name Chattopadhyay, Santinath.
9 (RLIN) 97436
245 14 - TITLE STATEMENT
Title The universal man :
Remainder of title Tagore's vision of the religion of humanity /
Statement of responsibility, etc. Santinath Chattopadhyay.
260 ## - PUBLICATION, DISTRIBUTION, ETC. (IMPRINT)
Place of publication, distribution, etc. Calcutta, India :
Name of publisher, distributor, etc. Naya Prokash,
Date of publication, distribution, etc. 1987.
300 ## - PHYSICAL DESCRIPTION
Pagination xxii, 210 p. ;
Size 22 cm.
504 ## - BIBLIOGRAPHY, ETC. NOTE
Bibliography, etc Bibliography: p. [195]-204. and Index
600 10 - SUBJECT ADDED ENTRY--PERSONAL NAME
Personal name Tagore, Rabindranath,
Dates associated with a name 1861-1941.
650 #0 - SUBJECT ADDED ENTRY--TOPICAL TERM
Topical term or geographic name as entry element Humanism
General subdivision History.
9 (RLIN) 89128
942 ## - ADDED ENTRY ELEMENTS (KOHA)
Source of classification or shelving scheme Dewey Decimal Classification
Koha item type Books
Holdings
Lost status Source of classification or shelving scheme Damaged status Not for loan Collection code Permanent Location Current Location Shelving location Date acquired Source of acquisition Cost, normal purchase price Total Checkouts Full call number Date last seen Copy number Koha item type
  Dewey Decimal Classification   Not For Loan Non-fiction Central Library, University of Rajshahi Central Library, University of Rajshahi Reading Room 24/05/1990 Karim Int. 150.00   630.92 CHU 1987 23/04/2014 C-1 Books